| 000 | 00677nam a2200229 a 4500 | ||
|---|---|---|---|
| 999 |
_c1094 _d1094 |
||
| 001 | 1094 | ||
| 003 | BD-JhCC | ||
| 005 | 20171014212455.0 | ||
| 008 | 171014s2012 b a|||| |||| 00| 0 b d | ||
| 020 | _a9789843338860 | ||
| 035 | _a(BD-JhCC)1094 | ||
| 040 |
_aBD-JhCC _dBD-JhCC |
||
| 041 | _aben | ||
| 082 |
_223 _a791.095414 _bMAS 2012 |
||
| 100 | _aমাসুদ, তারেক | ||
| 245 |
_aচলচ্চিত্রযাত্রা / _cতারেক মাসুদ |
||
| 260 |
_aঢাকা : _bপ্রথমা প্রকাশ, _c২০১২ |
||
| 300 |
_a175 p. : _bill. ; _c22cm. |
||
| 650 | _aMotion Picture | ||
| 942 |
_2ddc _cBK |
||